From Max Weber essays in sociology (Record no. 204589)

MARC details
000 -LEADER
fixed length control field 00389nam a2200157Ia 4500
008 - FIXED-LENGTH DATA ELEMENTS--GENERAL INFORMATION
fixed length control field 230917s9999||||xx |||||||||||||| ||und||
020 ## - ISBN
Price PON3.75
040 ## - CATALOGING SOURCE
-- 25360
Original cataloging agency VIVEKANANDA LIBRARY
041 ## - Language
-- English
082 ## - DDC NUMBER
Classification number 301.045 G328F
100 ## - MAIN ENTRY--PERSONAL NAME
Personal name Gerth, H H
245 #0 - TITLE STATEMENT
Title From Max Weber essays in sociology
260 ## - PUBLICATION, DISTRIBUTION, ETC. (IMPRINT)
Place of publication, distribution, etc London
Name of publisher, distributor, etc Routledge & Kegan Paul
Date of publication, distribution, etc 1974
300 ## - PHYSICAL DESCRIPTION
Pages 490 p.
942 ## - ADDED ENTRY ELEMENTS (KOHA)
Koha item type Books
Holdings
Withdrawn status Lost status Damaged status Not for loan Location (home branch) Sublocation or collection (holding branch) Date acquired Koha issues (times borrowed) Koha full call number Accession No. Koha date last seen Koha item type
        VIVEKANANDA LIBRARY VIVEKANANDA LIBRARY 29/08/2002   301.045 G328F 65302 17/09/2023 Books
© Designed and Maintained by Vivekananda Library, MDU Rohtak